Dhofar through the ages : an ecological, archaeological and historical landscape /
Dhofar, the southern governorate of Oman, lies within a distinctive ecological zone due to the summer Southwest Monsoon. Archaeological surveys and excavations in the governorate, beginning in 1954, have brought to light Dhofar's ancient past stretching back to the Lower Paleolithic ca. 1.5 my...
المؤلفون الرئيسيون: ,
التنسيق: كتاب الكتروني
اللغة: English
منشور في:
Summertown, Oxford :
Archaeopress Publishing Ltd,
2019.
سلاسل:
Archaeological heritage of Oman ;
1.
الموضوعات:
الوصول للمادة أونلاين: Login to view Source
الوسوم: إضافة وسم
رقم الطلب: DS247.O63
| LEADER | 01984nam a2200421 i 4500 | ||
|---|---|---|---|
| 001 | EDZ0002020549 | ||
| 003 | StDuBDS | ||
| 005 | 20230412182459.0 | ||
| 006 | m|||||o||d|||||||| | ||
| 007 | cr ||||||||||| | ||
| 008 | 190208s2019 enka fob 001|0|eng|d | ||
| 020 | |a 9781789691610 (ebook) : |c No price | ||
| 040 | |a StDuBDS |b eng |c StDuBDS |e rda |e pn | ||
| 050 | 4 | |a DS247.O63 | |
| 082 | 0 | 4 | |a 939.49 |2 23 |
| 100 | 1 | |a Newton, Lynne S., |e author. | |
| 245 | 1 | 0 | |a Dhofar through the ages : |b an ecological, archaeological and historical landscape / |c Lynne S. Newton and Juris Zarins. |
| 264 | 1 | |a Summertown, Oxford : |b Archaeopress Publishing Ltd, |c 2019. | |
| 300 | |a 1 online resource (xvi, 132 pages) : |b illustrations (colour). | ||
| 336 | |a text |2 rdacontent | ||
| 336 | |a still image |2 rdacontent | ||
| 337 | |a computer |2 rdamedia | ||
| 338 | |a online resource |2 rdacarrier | ||
| 490 | 1 | |a The archaeological heritage of Oman ; |v 1 | |
| 500 | |a Previously issued in print: 2019. | ||
| 504 | |a Includes bibliographical references and index. | ||
| 520 | 8 | |a Dhofar, the southern governorate of Oman, lies within a distinctive ecological zone due to the summer Southwest Monsoon. Archaeological surveys and excavations in the governorate, beginning in 1954, have brought to light Dhofar's ancient past stretching back to the Lower Paleolithic ca. 1.5 my BP. | |
| 521 | |a Specialized. | ||
| 588 | |a Description based on online resource; title from home page (viewed on March 1, 2019). | ||
| 651 | 0 | |a Dhofar (Oman) |x Antiquities. | |
| 650 | 0 | |a Excavations (Archaeology) |z Oman |z Dhofar. | |
| 700 | 1 | |a Zarins, Juris, |d 1945- |e author. | |
| 776 | 0 | 8 | |i Print version : |z 9781789691603 |
| 830 | 0 | |a Archaeological heritage of Oman ; |v 1. | |
| 856 | 4 | 0 | |3 Archaeopress |u http://library.arce.org:8087/Archaeopress/Products/9781789691603 |
| 942 | |2 lcc |c EBOOK | ||
| 952 | |0 0 |1 0 |4 0 |6 DS0247 O63 |7 1 |9 46529 |a ARCH |b ARCH |d 2023-04-12 |l 0 |o DS247.O63 |r 2023-04-12 00:00:00 |w 2023-04-12 |y EBOOK | ||
| 999 | |c 52187 |d 52187 | ||
